[Event "Muenster Bezirksliga 0506"]
[Site "Muenster"]
[Date "2005.12.17"]
[Round "4.6"]
[White "Westphal, Olaf"]
[Black "Greinert, Matthias"]
[Result "0-1"]
[WhiteElo "1610"]
[BlackElo "1633"]
[PlyCount "86"]
[EventDate "2005.09.10"]
[EventType "team"]
[EventRounds "9"]
[EventCountry "GER"]
[SourceTitle "EXT 2007"]
[Source "ChessBase"]
[SourceDate "2006.11.23"]
[SourceVersion "1"]
[SourceVersionDate "2006.11.23"]
[SourceQuality "1"]
[WhiteTeam "Sendenhorst II"]
[BlackTeam "Senden"]
[WhiteTeamCountry "GER"]
[BlackTeamCountry "GER"]

1. f4 d5 2. Nf3 Nf6 3. d4 Bf5 4. e3 Nbd7 5. Be2 e6 6. c3 Be7 7. Nbd2 0-0 8. Ne5 Ne4 9. 0-0 Nxe5 10. fxe5 f6 11. Nxe4 Bxe4 12. exf6 Rxf6 13. Bd3 Bxd3 14. Qxd3 Rxf1+ 15. Qxf1 Bd6 16. g3 Qf6 17. Qg2 Rf8 18. Bd2 c6 19. Re1 e5 20. dxe5 Qxe5 21. Qe2 Qe4 22. Bc1 Rf6 23. Qg2 Qd3 24. Qe2 Qg6 25. Qg2 Bc5 26. Rf1 Re6 27. Re1 Re4 28. Kf1 Qe6 29. Qf2 Qh3+ 30. Kg1 Qe6 31. Bd2 Bb6 32. Rf1 Qe7 33. Re1 g6 34. Kf1 Re6 35. Kg2 Re4 36. Kf1 Re5 37. Kg2 Qe6 38. Qg1 Re4 39. Qf2 Qe8 40. Qg1 Qe7 41. Qf2 Re5 42. Qg1 Rf5 43. Rf1 Qe4+ 0-1

[Event "Muenster Bezirksliga 0506"]
[Site "Muenster"]
[Date "2005.09.10"]
[Round "1.7"]
[White "Gehlern, Horst"]
[Black "Greinert, Matthias"]
[Result "0-1"]
[WhiteElo "1650"]
[BlackElo "1633"]
[PlyCount "60"]
[EventDate "2005.09.10"]
[EventType "team"]
[EventRounds "9"]
[EventCountry "GER"]
[SourceTitle "EXT 2007"]
[Source "ChessBase"]
[SourceDate "2006.11.23"]
[SourceVersion "1"]
[SourceVersionDate "2006.11.23"]
[SourceQuality "1"]
[WhiteTeam "Duelmen II"]
[BlackTeam "Senden"]
[WhiteTeamCountry "GER"]
[BlackTeamCountry "GER"]

1. f4 d5 2. Nf3 Nc6 3. b3 Bg4 4. e3 a6 5. Be2 e6 6. Bb2 Nf6 7. 0-0 Bc5 8. Ne5 Nxe5 9. fxe5 Bxe2 10. Qxe2 Nd7 11. d4 Be7 12. Nd2 f6 13. exf6 Bxf6 14. Qh5+ g6 15. Qg4 Qe7 16. e4 0-0-0 17. exd5 exd5 18. Rae1 Qg7 19. Re6 h5 20. Qf4 Rhf8 21. Qe3 g5 22. c4 dxc4 23. Nxc4 g4 24. Rfxf6 Nxf6 25. d5 Rxd5 26. Rxf6 Rd1+ 27. Kf2 Rxf6+ 28. Ke2 Rd7 29. Nb6+ cxb6 30. Qc3+ Rc6 0-1